Statistics for Chess Grandmasters who participated in the Candidates Tournament

Click here to take the quiz!

General Stats

  • This quiz has been taken 159 times
  • The average score is 12 of 26

Answer Stats

YearsFederationPlayer% Correct
2013NorwayMagnus Carlsen
94%
2018, 2021, 2022ChinaDing Liren
76%
2021, 2022RussiaIan Nepomniachtchi
76%
2016, 2022United StatesHikaru Nakamura
74%
2016, 2018, 2021, 2022United StatesFabiano Caruana
67%
2014, 2016IndiaViswanathan Anand
67%
2016, 2021NetherlandsAnish Giri
60%
2021FranceMaxime Vachier-Lagrave
56%
2011, 2013, 2014, 2016, 2018ArmeniaLevon Aronian
53%
2022FranceAlireza Firouzja
50%
2011, 2014, 2016BulgariaVeselin Topalov
47%
2011, 2013, 2014, 2018RussiaVladimir Kramnik
47%
2018United StatesWesley So
45%
2014, 2016, 2018RussiaSergey Karjakin
44%
2022PolandJan-Krzysztof Duda
43%
2022HungaryRichard Rapport
41%
2011, 2014, 2018AzerbaijanShakhriyar Mamedyarov
37%
2011, 2013, 2018, 2021RussiaAlexander Grischuk
33%
2011, 2013IsraelBoris Gelfand
33%
2011, 2013, 2022AzerbaijanTeimour Radjabov
31%
2013UkraineVasyl Ivanchuk
27%
2021ChinaWang Hao
25%
2011United StatesGata Kamsky
19%
2013, 2014, 2016RussiaPeter Svidler
16%
2021RussiaKirill Alekseenko
13%
2014RussiaDmitry Andreikin
9%

Score Distribution

Percentile by Number Answered

Percent of People with Each Score

Your Score History

You have not taken this quiz